000
00321nam a2200121Ia 4500
003
OSt
008
201106b ||||| |||| 00| 0 eng d
100
_a
ZURADA, jacek M.
245
_a
Introduction to Artificial Neural systems
260
_a
N. Delhi
_b
Jaico Publication House
_c
2006
300
_a
683+76.
942
_2
ddc
_c
BK
999
_c
5020
_d
5020